Business mathematics

Gespeichert in:
Bibliographische Detailangaben
1. Verfasser: Miller, Charles D.
Format: Buch
Sprache:Undetermined
Veröffentlicht: London / New York Pearson Education 2006
Schlagworte:
Tags: Tag hinzufügen
Keine Tags, Fügen Sie den ersten Tag hinzu!
Thư viện lưu trữ: Trung tâm Học liệu Trường Đại học Cần Thơ
LEADER 00603nam a2200205Ia 4500
001 CTU_117437
008 210402s9999 xx 000 0 und d
020 |c 71.23 
082 |a 650.01513 
082 |b M647 
100 |a Miller, Charles D. 
245 0 |a Business mathematics 
245 0 |c Charles D. Miller, Stanley A. Salzman, Gary Clendenen 
260 |a London / New York 
260 |b Pearson Education 
260 |c 2006 
650 |a Business mathematics,Business mathematics 
650 |x Programmed instruction 
904 |i Truc 
980 |a Trung tâm Học liệu Trường Đại học Cần Thơ